| 000 | 01862nac a22003611u 4500 | ||
|---|---|---|---|
| 003 | EG-ScBUE | ||
| 005 | 20220829115103.0 | ||
| 008 | 200219t2005 njua f b 001 0 eng d | ||
| 020 | _a047164837X (pbk.) | ||
| 020 | _a9780471648376 | ||
| 035 | _a(OCoLC)ocm58451818 | ||
| 040 |
_aEG-ScBUE _beng _erda _cEG-ScBUE _dEG-ScBUE |
||
| 082 | 0 | 4 |
_a720.228 _bMIL _222 |
| 100 | 1 |
_aMills, Criss, _eauthor. |
|
| 245 | 1 | 0 |
_aDesigning with models : _ba studio guide to making and using architectural design models / _cCriss B. Mills. |
| 250 | _aSecond edition. | ||
| 264 | 1 |
_aHoboken, New Jersey : _bJohn Wiley & Sons., _c[2005] |
|
| 264 | 4 | _cc2005 | |
| 300 |
_avii, 248 pages : _billustrations ; _c28 cm |
||
| 336 |
_2rdacontent _atext _btxt |
||
| 337 |
_2rdamedia _aunmediated _bn |
||
| 338 |
_2rdacarrier _avolume _bnc |
||
| 504 | _aIncludes bibliographical references and index. | ||
| 505 | 0 | _aStart : equipment, materials, and model types -- Connect : basic techniques for assembling model components -- Explore : a skeletal framework for conceiving and using models -- Apply : step-by-step case studies of concepts and techniques -- Advance : creating curvilinear forms and special techniques -- Build : implementing model exploration as built work -- Interface : combining digital and physical model information -- Expand : topics for continuing exploration. | |
| 650 | 7 |
_aArchitectural models _vHandbooks, manuals, etc. _2BUEsh |
|
| 651 | _2BUEsh | ||
| 653 | _bENGARC | ||
| 655 |
_vReading book _934232 |
||
| 856 | 4 | 2 |
_3Contributor biographical information _uhttp://www.loc.gov/catdir/enhancements/fy0621/2005006843-b.html |
| 856 | 4 | 2 |
_3Publisher description _uhttp://www.loc.gov/catdir/enhancements/fy0621/2005006843-d.html |
| 856 | 4 | 2 |
_3Table of contents only _uhttp://www.loc.gov/catdir/enhancements/fy0653/2005006843-t.html |
| 942 |
_cBB _2ddc |
||
| 999 |
_c8923 _d8923 |
||